000 00496nam a2200169Ia 4500
003 GCL
008 140319s9999 xx 000 0 ara d
040 _aGCL /
_cGCL
082 0 4 _a922.1
_bع س
100 1 _aعبدالحميد جودة السحار
245 1 0 _aسعد بن ابى وقاص وابطال القادسية /
_cعبدالحميد جودة السحار
300 _a224 ص
490 _a
650 0 4 _aالاسلام
650 0 4 _aسعد بن ابى وقاص
942 _2ddc
_cBK
999 _c45464
_d45464